Normal view
MARC view
- Khaliq, Adnan
Entry Personal Name
001 - CONTROL NUMBER
- control field: 16593
003 - CONTROL NUMBER IDENTIFIER
- control field: NUST
005 - DATE AND TIME OF LATEST TRANSACTION
- control field: 20190703113747.0
008 - FIXED-LENGTH DATA ELEMENTS
- fixed length control field: 190703|| aca||aabn | a|a d
040 ## - CATALOGING SOURCE
- Original cataloging agency: NUST
- Transcribing agency: NUST
100 ## - HEADING--PERSONAL NAME
- Personal name: Khaliq, Adnan
670 ## - SOURCE DATA FOUND
- Source citation: Work cat.: (NUST): Khaliq, Adnan, Hexile Sieve Analysis of Natural Numberes with Zero and Prime-Counting Function /, 2013.
